000
00286nam a2200121Ia 4500
008
191201s2009 xx 000 0 und d
100
_a
PEERUMOHAMED, H
245
0
_a
Service Marketing MBA SEM.4
260
_a
N. Delhi
_b
Vikas Pub
_c
2009
300
_a
297
650
_a
MBA
942
_2
ddc
_c
BK
999
_c
273
_d
273